Quiz Citroën - Statistiques

Statistiques générales
  • Ce quiz a été pris 40 fois
  • Le résultat moyen est 7 sur 11
Statistiques - réponses
Par images Réponse % Correct
C1
100%
C3
97%
C2
94%
2CV
85%
C5
82%
DS
70%
traction
55%
C4 cactus
52%
Jumpy
39%
C5x
24%
HY
15%
Aucun quiz correspondant
Distribution des résultats
% des personnes avec chaque résultat
Percentile par nombre de réponses
Votre historique - résultats
Vous n’avez pas pris ce quiz